[Event "Is Bankasi Online Satranc Turn.13-14 Yas"]
[Site "T#645826Mustafa Kemal"]
[Date "2020.05.08"]
[Round "4"]
[White "Yagizcinarakin00"]
[Black "Muhammedeminar20"]
[Result "1-0"]
[WhiteElo "1909"]
[BlackElo "1808"]
[Annotator "RC"]
[PlyCount "61"]
[EventDate "2020.05.08"]
[EventType "swiss (blitz)"]

1. d4 {[%emt 0:00:02]} c5 {[%emt 0:00:02]} 2. d5 {[%emt 0:00:06]} Nf6 {[%emt 0:00:01]} 3. g3 {[%emt 0:00:03]} d6 {[%emt 0:00:07]} 4. Bg2 {[%emt 0:00:01]} g6 {[%emt 0:00:03]} 5. c4 {[%emt 0:00:01]} b5 {[%emt 0:00:04]} 6. cxb5 {[%emt 0:00:03]} a6 {[%emt 0:00:01]} 7. bxa6 {[%emt 0:00:02]} Bxa6 {[%emt 0:00:00]} 8. Nc3 {[%emt 0:00:01]} Bg7 {[%emt 0:00:03]} 9. Nf3 {[%emt 0:00:01]} O-O {[%emt 0:00:01]} 10. O-O {[%emt 0:00:01]} Nbd7 {[%emt 0:00:01]} 11. Re1 {[%emt 0:00:03]} Ng4 {[%emt 0:00:17]} 12. e4 {[%emt 0:00:10]} Nge5 {[%emt 0:00:01]} 13. Nxe5 {[%emt 0:00:02]} Nxe5 {[%emt 0:00:00]} 14. Bf1 {[%emt 0:00:10]} Qa5 {[%emt 0:00:18]} 15. Bxa6 {[%emt 0:00:05]} Qxa6 {[%emt 0:00:01]} 16. a4 {[%emt 0:00:39]} Rfb8 {[%emt 0:00:10]} 17. Kg2 {[%emt 0:00:36]} Nd3 {[%emt 0:00:54]} 18. Re2 {[%emt 0:00:02]} c4 {[%emt 0:00:04]} 19. Ra3 {[%emt 0:00:17]} Rb4 {[%emt 0:00:11]} 20. Na2 {[%emt 0:00:55]} Rxa4 {[%emt 0:00:12]} 21. Rc2 {[%emt 0:00:12]} Rxa3 {[%emt 0:00:39]} 22. bxa3 {[%emt 0:00:00]} Qb5 {[%emt 0:00:06]} 23. Nc3 {[%emt 0:00:06]} Qb3 {[%emt 0:00:03]} 24. Qd2 {[%emt 0:00:05]} Nxc1 {[%emt 0:00:18]} 25. Qxc1 {[%emt 0:00:00]} Rxa3 {[%emt 0:00:01]} 26. Ne2 {[%emt 0:00:02]} Ra2 {[%emt 0:00:09]} 27. Rxc4 {[%emt 0:00:02]} Rxe2 {[%emt 0:00:03]} 28. Rc8+ {[%emt 0:00:00]} Bf8 {[%emt 0:00:01]} 29. Qh6 {[%emt 0:00:03]} Rxf2+ {[%emt 0:00:02]} 30. Kh3 {[%emt 0:00:03]} Qb2 {[%emt 0:00:00]} 31. Qxf8# {[%emt 0:00:02] (Lag: Av=0.41s, max=0.5s)} 1-0

[Event "Is Bankasi Online Satranc Turn.13-14 Yas"]
[Site "T#645826Mustafa Kemal"]
[Date "2020.05.08"]
[Round "4"]
[White "Berkeeroglu76"]
[Black "Batuhanfettah06"]
[Result "0-1"]
[WhiteElo "1868"]
[BlackElo "1698"]
[Annotator "NA RC"]
[PlyCount "56"]
[EventDate "2020.05.08"]
[EventType "swiss (blitz)"]

1. e4 {[%emt 0:00:02]} e5 {[%emt 0:00:05]} 2. Nf3 {[%emt 0:00:01]} Nf6 {[%emt 0:00:03]} 3. Nc3 {[%emt 0:00:02]} Nc6 {[%emt 0:00:04]} 4. d4 {[%emt 0:00:01]} exd4 {[%emt 0:00:07]} 5. Nxd4 {[%emt 0:00:01]} Nxd4 {[%emt 0:00:13]} 6. Qxd4 {[%emt 0:00:00]} d6 {[%emt 0:00:16]} 7. Be3 {[%emt 0:00:11]} Ng4 {[%emt 0:00:04]} 8. Bf4 {[%emt 0:00:23]} Be7 {[%emt 0:00:05]} 9. h3 {[%emt 0:00:05]} Ne5 {[%emt 0:00:14]} 10. O-O-O {[%emt 0:00:07]} O-O {[%emt 0:00:18]} 11. Bxe5 {[%emt 0:00:11]} dxe5 {[%emt 0:00:13]} 12. Qxe5 {[%emt 0:00:04]} Bd6 {[%emt 0:00:08]} 13. Qh5 {[%emt 0:00:33]} g6 {[%emt 0:00:06]} 14. Qf3 {[%emt 0:00:06]} c6 {[%emt 0:00:06]} 15. Bc4 {[%emt 0:00:13]} Qe7 {[%emt 0:00:04]} 16. Rhe1 {[%emt 0:00:06]} Be5 {[%emt 0:00:06]} 17. Ne2 {[%emt 0:00:31]} b5 {[%emt 0:00:12]} 18. Bb3 {[%emt 0:00:01]} a5 {[%emt 0:00:12]} 19. a3 {[%emt 0:00:05]} a4 {[%emt 0:00:08]} 20. Ba2 {[%emt 0:00:04]} b4 {[%emt 0:00:04]} 21. Nd4 {[%emt 0:00:10]} b3 {[%emt 0:00:06]} 22. cxb3 {[%emt 0:00:07]} Rd8 {[%emt 0:00:09]} 23. Ne2 {[%emt 0:00:20]} Be6 {[%emt 0:00:05]} 24. Kb1 {[%emt 0:00:10]} axb3 {[%emt 0:00:04]} 25. Bxb3 {[%emt 0:00:01]} Rdb8 {[%emt 0:00:08]} 26. Rd3 {[%emt 0:00:02]} Rxa3 {[%emt 0:00:05]} 27. bxa3 {[%emt 0:00:03]} Qxa3 {[%emt 0:00:07]} 28. Nf4 {[%emt 0:00:10]} Qb2# {[%emt 0:00:05] (Lag: Av=1.23s, max=1.5s)} 0-1

[Event "Is Bankasi Online Satranc Turn.13-14 Yas"]
[Site "T#645826Mustafa Kemal"]
[Date "2020.05.08"]
[Round "4"]
[White "Yasarefekayan18"]
[Black "Denizeroglu22"]
[Result "1-0"]
[WhiteElo "1825"]
[BlackElo "1258"]
[Annotator "NA RC"]
[PlyCount "45"]
[EventDate "2020.05.08"]
[EventType "swiss (blitz)"]

1. e4 {[%emt 0:00:04]} e5 {[%emt 0:00:02]} 2. Nc3 {[%emt 0:00:01]} Nc6 {[%emt 0:00:01]} 3. g3 {[%emt 0:00:01]} Nf6 {[%emt 0:00:02]} 4. Bg2 {[%emt 0:00:01]} Bb4 {[%emt 0:00:01]} 5. d3 {[%emt 0:00:02]} O-O {[%emt 0:00:00]} 6. f4 {[%emt 0:00:02]} d6 {[%emt 0:00:02]} 7. Nf3 {[%emt 0:00:02]} Bg4 {[%emt 0:00:04]} 8. h3 {[%emt 0:00:01]} Bh5 {[%emt 0:00:04]} 9. g4 {[%emt 0:00:01]} Nxg4 {[%emt 0:00:01]} 10. hxg4 {[%emt 0:00:02]} Bxg4 {[%emt 0:00:00]} 11. f5 {[%emt 0:00:22]} Nd4 {[%emt 0:00:03]} 12. a3 {[%emt 0:00:07]} Ba5 {[%emt 0:00:03]} 13. b4 {[%emt 0:00:02]} Bb6 {[%emt 0:00:01]} 14. Nd5 {[%emt 0:00:14]} c6 {[%emt 0:00:06]} 15. Nxb6 {[%emt 0:00:01]} axb6 {[%emt 0:00:03]} 16. c3 {[%emt 0:00:03]} Nxf3+ {[%emt 0:00:13]} 17. Bxf3 {[%emt 0:00:02]} Bxf3 {[%emt 0:00:00]} 18. Qxf3 {[%emt 0:00:01]} d5 {[%emt 0:00:00]} 19. Qh5 {[%emt 0:00:03]} h6 {[%emt 0:00:16]} 20. Bxh6 {[%emt 0:00:03]} Re8 {[%emt 0:00:35]} 21. Bxg7 {[%emt 0:00:07]} Kxg7 {[%emt 0:00:01]} 22. Qh6+ {[%emt 0:00:01]} Kg8 {[%emt 0:00:03]} 23. Qh8# {[%emt 0:00:01] (Lag: Av=0.53s, max=3.0s)} 1-0

[Event "Is Bankasi Online Satranc Turn.13-14 Yas"]
[Site "T#645826Mustafa Kemal"]
[Date "2020.05.08"]
[Round "4"]
[White "Tahasahin54"]
[Black "Eraykilic78"]
[Result "*"]
[WhiteElo "1815"]
[BlackElo "1790"]
[Annotator "NA RC"]
[PlyCount "153"]
[EventDate "2020.05.08"]
[EventType "swiss (blitz)"]

1. e4 {[%emt 0:00:03]} c5 {[%emt 0:00:01]} 2. Nf3 {[%emt 0:00:03]} Nc6 {[%emt 0:00:01]} 3. d4 {[%emt 0:00:01]} cxd4 {[%emt 0:00:02]} 4. Nxd4 {[%emt 0:00:01]} g6 {[%emt 0:00:01]} 5. c4 {[%emt 0:00:02]} Nf6 {[%emt 0:00:02]} 6. Nc3 {[%emt 0:00:03]} Nxd4 {[%emt 0:00:01]} 7. Qxd4 {[%emt 0:00:02]} d6 {[%emt 0:00:01]} 8. Be3 {[%emt 0:00:07]} Bg7 {[%emt 0:00:01]} 9. Be2 {[%emt 0:00:03]} O-O {[%emt 0:00:01]} 10. Qd2 {[%emt 0:00:04]} a5 {[%emt 0:00:02]} 11. Rd1 {[%emt 0:00:07]} a4 {[%emt 0:00:02]} 12. c5 {[%emt 0:00:10]} Be6 {[%emt 0:00:11]} 13. cxd6 {[%emt 0:00:05]} exd6 {[%emt 0:00:00]} 14. O-O {[%emt 0:00:25]} a3 {[%emt 0:00:17]} 15. b3 {[%emt 0:00:13]} Qa5 {[%emt 0:00:04]} 16. f3 {[%emt 0:00:14]} Rfc8 {[%emt 0:00:11]} 17. Nb5 {[%emt 0:00:26]} Qxd2 {[%emt 0:00:28]} 18. Rxd2 {[%emt 0:00:02]} Ne8 {[%emt 0:00:07]} 19. Bd4 {[%emt 0:00:07]} Bh6 {[%emt 0:00:29]} 20. f4 {[%emt 0:00:03]} Bd7 {[%emt 0:00:26]} 21. g3 {[%emt 0:00:14]} Bc6 {[%emt 0:00:05]} 22. Bd3 {[%emt 0:00:18]} Bg7 {[%emt 0:00:20]} 23. Bxg7 {[%emt 0:00:03]} Kxg7 {[%emt 0:00:00]} 24. Nd4 {[%emt 0:00:05]} Nf6 {[%emt 0:00:12]} 25. Nxc6 {[%emt 0:00:10]} Rxc6 {[%emt 0:00:03]} 26. e5 {[%emt 0:00:04]} dxe5 {[%emt 0:00:05]} 27. fxe5 {[%emt 0:00:02]} Ng4 {[%emt 0:00:01]} 28. Re2 {[%emt 0:00:13]} Re6 {[%emt 0:00:07]} 29. Bc4 {[%emt 0:00:02]} Re7 {[%emt 0:00:01]} 30. e6 {[%emt 0:00:17]} fxe6 {[%emt 0:00:14]} 31. Rxe6 {[%emt 0:00:03]} Rae8 {[%emt 0:00:01]} 32. Rfe1 {[%emt 0:00:05]} Rxe6 {[%emt 0:00:03]} 33. Rxe6 {[%emt 0:00:01]} Rxe6 {[%emt 0:00:01]} 34. Bxe6 {[%emt 0:00:01]} Ne3 {[%emt 0:00:00]} 35. Kf2 {[%emt 0:00:03]} Nc2 {[%emt 0:00:01]} 36. h4 {[%emt 0:00:05]} Nb4 {[%emt 0:00:01]} 37. Ke2 {[%emt 0:00:03]} Nxa2 {[%emt 0:00:02]} 38. Kd2 {[%emt 0:00:01]} Nb4 {[%emt 0:00:01]} 39. Kc3 {[%emt 0:00:01]} a2 {[%emt 0:00:02]} 40. Kb2 {[%emt 0:00:01]} b6 {[%emt 0:00:02]} 41. Bc4 {[%emt 0:00:01]} Kf6 {[%emt 0:00:02]} 42. g4 {[%emt 0:00:03]} h6 {[%emt 0:00:09]} 43. Be2 {[%emt 0:00:03]} Ke5 {[%emt 0:00:03]} 44. h5 {[%emt 0:00:05]} g5 {[%emt 0:00:02]} 45. Bb5 {[%emt 0:00:02]} Kf4 {[%emt 0:00:04]} 46. Bd7 {[%emt 0:00:01]} Ke3 {[%emt 0:00:01]} 47. Bf5 {[%emt 0:00:02]} Kd2 {[%emt 0:00:01]} 48. Be4 {[%emt 0:00:03]} Ke3 {[%emt 0:00:11]} 49. Bf5 {[%emt 0:00:01]} Kf4 {[%emt 0:00:01]} 50. Bd7 {[%emt 0:00:01]} Nd5 {[%emt 0:00:01]} 51. Kxa2 {[%emt 0:00:03]} Nf6 {[%emt 0:00:01]} 52. Bc8 {[%emt 0:00:03]} Nxg4 {[%emt 0:00:01]} 53. Ka3 {[%emt 0:00:01]} Ne5 {[%emt 0:00:02]} 54. Kb4 {[%emt 0:00:02]} g4 {[%emt 0:00:01]} 55. Kb5 {[%emt 0:00:01]} g3 {[%emt 0:00:01]} 56. Bh3 {[%emt 0:00:01]} Kf3 {[%emt 0:00:11]} 57. Kxb6 {[%emt 0:00:02]} g2 {[%emt 0:00:01]} 58. Bxg2+ {[%emt 0:00:01]} Kxg2 {[%emt 0:00:00]} 59. b4 {[%emt 0:00:02]} Kf3 {[%emt 0:00:02]} 60. Kc7 {[%emt 0:00:04]} Kg4 {[%emt 0:00:04]} 61. b5 {[%emt 0:00:02]} Nc4 {[%emt 0:00:02]} 62. Kc6 {[%emt 0:00:02]} Kxh5 {[%emt 0:00:01]} 63. Kc5 {[%emt 0:00:02]} Ne5 {[%emt 0:00:01]} 64. Kd5 {[%emt 0:00:02]} Nd7 {[%emt 0:00:01]} 65. Ke4 {[%emt 0:00:05]} Kg6 {[%emt 0:00:02]} 66. Kf4 {[%emt 0:00:01]} Nb6 {[%emt 0:00:02]} 67. Kg4 {[%emt 0:00:01]} h5+ {[%emt 0:00:01]} 68. Kh4 {[%emt 0:00:01]} Kh6 {[%emt 0:00:01]} 69. Kh3 {[%emt 0:00:01]} Kg5 {[%emt 0:00:00]} 70. Kg3 {[%emt 0:00:01]} h4+ {[%emt 0:00:00]} 71. Kh3 {[%emt 0:00:01]} Kh5 {[%emt 0:00:01]} 72. Kh2 {[%emt 0:00:01]} Kg4 {[%emt 0:00:01]} 73. Kg2 {[%emt 0:00:01]} h3+ {[%emt 0:00:02]} 74. Kh2 {[%emt 0:00:01]} Kh4 {[%emt 0:00:01]} 75. Kh1 {[%emt 0:00:01]} Kg3 {[%emt 0:00:01]} 76. Kg1 {[%emt 0:00:01]} Nd5 {[%emt 0:00:02]} 77. Kh1 {[%emt 0:00:04]} *

[Event "Is Bankasi Online Satranc Turn.13-14 Yas"]
[Site "T#645826Mustafa Kemal"]
[Date "2020.05.08"]
[Round "4"]
[White "Furkanaliskin84"]
[Black "Emreakdas24"]
[Result "0-1"]
[WhiteElo "1801"]
[BlackElo "1784"]
[Annotator "NA RC"]
[PlyCount "78"]
[EventDate "2020.05.08"]
[EventType "swiss (blitz)"]

1. d4 {[%emt 0:00:02]} f5 {[%emt 0:00:02]} 2. c4 {[%emt 0:00:01]} Nf6 {[%emt 0:00:02]} 3. Nc3 {[%emt 0:00:01]} e6 {[%emt 0:00:01]} 4. e3 {[%emt 0:00:01]} d5 {[%emt 0:00:01]} 5. Nf3 {[%emt 0:00:06]} c6 {[%emt 0:00:01]} 6. Bd3 {[%emt 0:00:05]} Bd6 {[%emt 0:00:02]} 7. O-O {[%emt 0:00:02]} O-O {[%emt 0:00:02]} 8. cxd5 {[%emt 0:00:10]} exd5 {[%emt 0:00:02]} 9. Bd2 {[%emt 0:00:04]} Ne4 {[%emt 0:00:03]} 10. a3 {[%emt 0:00:07]} Be6 {[%emt 0:00:06]} 11. b4 {[%emt 0:00:04]} Nd7 {[%emt 0:00:02]} 12. Rb1 {[%emt 0:00:04]} h6 {[%emt 0:00:07]} 13. Qc2 {[%emt 0:00:04]} Rf7 {[%emt 0:00:03]} 14. a4 {[%emt 0:00:09]} g5 {[%emt 0:00:03]} 15. Bc1 {[%emt 0:00:06]} g4 {[%emt 0:00:05]} 16. Nd2 {[%emt 0:00:01]} Qh4 {[%emt 0:00:03]} 17. g3 {[%emt 0:00:09]} Qe7 {[%emt 0:00:08]} 18. Ndxe4 {[%emt 0:00:09]} fxe4 {[%emt 0:00:02]} 19. Be2 {[%emt 0:00:01]} Bxb4 {[%emt 0:00:09]} 20. Na2 {[%emt 0:00:06]} a5 {[%emt 0:00:07]} 21. Bd2 {[%emt 0:00:01]} Bxd2 {[%emt 0:00:05]} 22. Qxd2 {[%emt 0:00:00]} Nf8 {[%emt 0:00:06]} 23. Rb3 {[%emt 0:00:05]} Qc7 {[%emt 0:00:09]} 24. Rfb1 {[%emt 0:00:03]} Qc8 {[%emt 0:00:03]} 25. Qb2 {[%emt 0:00:05]} Ra7 {[%emt 0:00:03]} 26. Nc3 {[%emt 0:00:03]} h5 {[%emt 0:00:12]} 27. Na2 {[%emt 0:00:02]} Kg7 {[%emt 0:00:13]} 28. Kg2 {[%emt 0:00:05]} Kg6 {[%emt 0:00:01]} 29. Rc1 {[%emt 0:00:05]} Qd8 {[%emt 0:00:04]} 30. Rc5 {[%emt 0:00:08]} Bc8 {[%emt 0:00:02]} 31. Qd2 {[%emt 0:00:04]} Ne6 {[%emt 0:00:06]} 32. Rc2 {[%emt 0:00:07]} Qf8 {[%emt 0:00:02]} 33. Bf1 {[%emt 0:00:04]} Ng5 {[%emt 0:00:03]} 34. Rbb2 {[%emt 0:00:16]} Nf3 {[%emt 0:00:05]} 35. Qd1 {[%emt 0:00:01]} h4 {[%emt 0:00:08]} 36. Nc1 {[%emt 0:00:05]} hxg3 {[%emt 0:00:07]} 37. hxg3 {[%emt 0:00:02]} Qh6 {[%emt 0:00:02]} 38. Be2 {[%emt 0:00:07]} Qh2+ {[%emt 0:00:07]} 39. Kf1 {[%emt 0:00:04]} Qg1# {[%emt 0:00:01] (Lag: Av=0.77s, max=1.3s)} 0-1

[Event "Is Bankasi Online Satranc Turn.13-14 Yas"]
[Site "T#645826Mustafa Kemal"]
[Date "2020.05.08"]
[Round "4"]
[White "Yigitsarpcalli32"]
[Black "Kaanacar92"]
[Result "1-0"]
[WhiteElo "1776"]
[BlackElo "1678"]
[Annotator "NA"]
[PlyCount "151"]
[EventDate "2020.05.08"]
[EventType "swiss (blitz)"]

1. Nf3 {[%emt 0:00:03]} Nf6 {[%emt 0:00:03]} 2. d4 {[%emt 0:00:05]} g6 {[%emt 0:00:02]} 3. c4 {[%emt 0:00:02]} Bg7 {[%emt 0:00:04]} 4. Nc3 {[%emt 0:00:04]} O-O {[%emt 0:00:02]} 5. Bf4 {[%emt 0:00:04]} d6 {[%emt 0:00:06]} 6. e3 {[%emt 0:00:02]} Nbd7 {[%emt 0:00:03]} 7. Be2 {[%emt 0:00:06]} e6 {[%emt 0:00:06]} 8. O-O {[%emt 0:00:09]} h6 {[%emt 0:00:11]} 9. Qc2 {[%emt 0:00:09]} Qe7 {[%emt 0:00:04]} 10. Bg3 {[%emt 0:00:09]} e5 {[%emt 0:00:09]} 11. dxe5 {[%emt 0:00:08]} dxe5 {[%emt 0:00:00]} 12. Ne4 {[%emt 0:00:13]} Nxe4 {[%emt 0:00:25]} 13. Qxe4 {[%emt 0:00:00]} f5 {[%emt 0:00:04]} 14. Qc2 {[%emt 0:00:24]} b6 {[%emt 0:00:27]} 15. h3 {[%emt 0:00:10]} Bb7 {[%emt 0:00:06]} 16. Rad1 {[%emt 0:00:07]} Nc5 {[%emt 0:00:13]} 17. Rfe1 {[%emt 0:00:33]} g5 {[%emt 0:00:40]} 18. a3 {[%emt 0:00:29]} a5 {[%emt 0:00:26]} 19. Nd2 {[%emt 0:00:34]} f4 {[%emt 0:00:03]} 20. exf4 {[%emt 0:00:01]} gxf4 {[%emt 0:00:01]} 21. Bh2 {[%emt 0:00:02]} Qg5 {[%emt 0:00:03]} 22. Nf3 {[%emt 0:00:01]} Qg6 {[%emt 0:00:09]} 23. Qxg6 {[%emt 0:00:02]} e4 {[%emt 0:00:12]} 24. Nd4 {[%emt 0:00:04]} f3 {[%emt 0:00:01]} 25. gxf3 {[%emt 0:00:02]} exf3 {[%emt 0:00:01]} 26. Bxf3 {[%emt 0:00:01]} Rf6 {[%emt 0:00:01]} 27. Qg2 {[%emt 0:00:02]} Bxf3 {[%emt 0:00:02]} 28. Nxf3 {[%emt 0:00:00]} Kh7 {[%emt 0:00:01]} 29. Kh1 {[%emt 0:00:00]} Rg6 {[%emt 0:00:01]} 30. Qxg6+ {[%emt 0:00:03]} Kxg6 {[%emt 0:00:01]} 31. Rg1+ {[%emt 0:00:00]} Kh7 {[%emt 0:00:01]} 32. Nd4 {[%emt 0:00:02]} Rf8 {[%emt 0:00:04]} 33. b4 {[%emt 0:00:03]} Ne4 {[%emt 0:00:02]} 34. Bg3 {[%emt 0:00:04]} h5 {[%emt 0:00:06]} 35. Ne6 {[%emt 0:00:02]} Rf7 {[%emt 0:00:08]} 36. Nxg7 {[%emt 0:00:02]} Rxg7 {[%emt 0:00:00]} 37. Rde1 {[%emt 0:00:02]} Re7 {[%emt 0:00:02]} 38. f3 {[%emt 0:00:03]} Nxg3+ {[%emt 0:00:02]} 39. Kg2 {[%emt 0:00:02]} Rxe1 {[%emt 0:00:01]} 40. Rxe1 {[%emt 0:00:00]} Nf5 {[%emt 0:00:01]} 41. Re5 {[%emt 0:00:04]} Kg6 {[%emt 0:00:04]} 42. bxa5 {[%emt 0:00:02]} bxa5 {[%emt 0:00:01]} 43. Rxa5 {[%emt 0:00:00]} Ne3+ {[%emt 0:00:01]} 44. Kf2 {[%emt 0:00:02]} Nxc4 {[%emt 0:00:01]} 45. Rc5 {[%emt 0:00:01]} Nxa3 {[%emt 0:00:01]} 46. Rxc7 {[%emt 0:00:01]} Nb5 {[%emt 0:00:01]} 47. Rc6+ {[%emt 0:00:01]} Kg7 {[%emt 0:00:03]} 48. Kg3 {[%emt 0:00:01]} Nd4 {[%emt 0:00:01]} 49. Rc7+ {[%emt 0:00:01]} Kg6 {[%emt 0:00:01]} 50. Rd7 {[%emt 0:00:03]} Nf5+ {[%emt 0:00:02]} 51. Kf4 {[%emt 0:00:01]} Nh6 {[%emt 0:00:06]} 52. Rd6+ {[%emt 0:00:02]} Kg7 {[%emt 0:00:01]} 53. Rxh6 {[%emt 0:00:03]} Kxh6 {[%emt 0:00:00]} 54. Kf5 {[%emt 0:00:01]} h4 {[%emt 0:00:05]} 55. Kg4 {[%emt 0:00:01]} Kg6 {[%emt 0:00:01]} 56. Kxh4 {[%emt 0:00:01]} Kf5 {[%emt 0:00:01]} 57. Kg3 {[%emt 0:00:01]} Kg5 {[%emt 0:00:01]} 58. h4+ {[%emt 0:00:07]} Kh5 {[%emt 0:00:00]} 59. f4 {[%emt 0:00:01]} Kg6 {[%emt 0:00:01]} 60. Kg4 {[%emt 0:00:00]} Kh6 {[%emt 0:00:00]} 61. f5 {[%emt 0:00:01]} Kg7 {[%emt 0:00:01]} 62. Kg5 {[%emt 0:00:00]} Kh7 {[%emt 0:00:01]} 63. f6 {[%emt 0:00:02]} Kg8 {[%emt 0:00:01]} 64. h5 {[%emt 0:00:01]} Kh7 {[%emt 0:00:02]} 65. h6 {[%emt 0:00:02]} Kh8 {[%emt 0:00:01]} 66. Kg6 {[%emt 0:00:04]} Kg8 {[%emt 0:00:01]} 67. f7+ {[%emt 0:00:00]} Kf8 {[%emt 0:00:01]} 68. h7 {[%emt 0:00:02]} Ke7 {[%emt 0:00:01]} 69. h8=Q {[%emt 0:00:03]} Ke6 {[%emt 0:00:14]} 70. f8=Q {[%emt 0:00:03]} Kd5 {[%emt 0:00:01]} 71. Qh5+ {[%emt 0:00:02]} Kd4 {[%emt 0:00:00]} 72. Qf4+ {[%emt 0:00:02]} Kd3 {[%emt 0:00:00]} 73. Qh3+ {[%emt 0:00:00]} Ke2 {[%emt 0:00:01]} 74. Qfh2+ {[%emt 0:00:02]} Ke1 {[%emt 0:00:00]} 75. Qa3 {[%emt 0:00:02]} Kd1 {[%emt 0:00:00]} 76. Qa1# {[%emt 0:00:00] (Lag: Av=0.74s, max=5.4s)} 1-0

[Event "Is Bankasi Online Satranc Turn.13-14 Yas"]
[Site "T#645826Mustafa Kemal"]
[Date "2020.05.08"]
[Round "4"]
[White "Alikarakilinc90"]
[Black "Efemetehanyavu96"]
[Result "1-0"]
[WhiteElo "1764"]
[BlackElo "1701"]
[Annotator "NA RC"]
[PlyCount "79"]
[EventDate "2020.05.08"]
[EventType "swiss (blitz)"]

1. e4 {[%emt 0:00:04]} g6 {[%emt 0:00:02]} 2. d4 {[%emt 0:00:03]} Bg7 {[%emt 0:00:00]} 3. Nf3 {[%emt 0:00:01]} c6 {[%emt 0:00:01]} 4. c3 {[%emt 0:00:01]} d5 {[%emt 0:00:02]} 5. exd5 {[%emt 0:00:01]} cxd5 {[%emt 0:00:02]} 6. Bd3 {[%emt 0:00:01]} Nf6 {[%emt 0:00:01]} 7. O-O {[%emt 0:00:01]} O-O {[%emt 0:00:02]} 8. h3 {[%emt 0:00:04]} Nc6 {[%emt 0:00:01]} 9. Be3 {[%emt 0:00:01]} a6 {[%emt 0:00:03]} 10. Qc1 {[%emt 0:00:02]} Re8 {[%emt 0:00:08]} 11. Bh6 {[%emt 0:00:03]} Bh8 {[%emt 0:00:05]} 12. Re1 {[%emt 0:00:03]} b5 {[%emt 0:00:06]} 13. a3 {[%emt 0:00:03]} Bb7 {[%emt 0:00:12]} 14. Nbd2 {[%emt 0:00:02]} Rc8 {[%emt 0:00:03]} 15. Qd1 {[%emt 0:00:08]} Nd7 {[%emt 0:00:10]} 16. Nf1 {[%emt 0:00:05]} e5 {[%emt 0:00:08]} 17. dxe5 {[%emt 0:00:04]} Ndxe5 {[%emt 0:00:00]} 18. Nxe5 {[%emt 0:00:02]} Nxe5 {[%emt 0:00:01]} 19. Bc2 {[%emt 0:00:03]} Nc4 {[%emt 0:00:22]} 20. Rb1 {[%emt 0:00:10]} Qd7 {[%emt 0:00:26]} 21. Ne3 {[%emt 0:00:15]} Nxe3 {[%emt 0:00:08]} 22. Bxe3 {[%emt 0:00:06]} Rc4 {[%emt 0:00:17]} 23. Bb3 {[%emt 0:00:06]} Rce4 {[%emt 0:00:03]} 24. Bc2 {[%emt 0:00:04]} R4e6 {[%emt 0:00:10]} 25. Qd2 {[%emt 0:00:03]} Qe7 {[%emt 0:00:08]} 26. Kf1 {[%emt 0:00:20]} d4 {[%emt 0:00:34]} 27. cxd4 {[%emt 0:00:08]} Bd5 {[%emt 0:00:05]} 28. Bd3 {[%emt 0:00:13]} f5 {[%emt 0:00:06]} 29. Re2 {[%emt 0:00:32]} Qb7 {[%emt 0:00:15]} 30. f3 {[%emt 0:00:07]} Bxf3 {[%emt 0:00:06]} 31. gxf3 {[%emt 0:00:25]} Qxf3+ {[%emt 0:00:00]} 32. Ke1 {[%emt 0:00:04]} Rxe3 {[%emt 0:00:02]} 33. Rxe3 {[%emt 0:00:02]} Rxe3+ {[%emt 0:00:00]} 34. Be2 {[%emt 0:00:04]} Qh1+ {[%emt 0:00:11]} 35. Kf2 {[%emt 0:00:02]} Qxb1 {[%emt 0:00:08]} 36. Qxe3 {[%emt 0:00:03]} Bf6 {[%emt 0:00:01]} 37. Qe8+ {[%emt 0:00:02]} Kg7 {[%emt 0:00:00]} 38. Qd7+ {[%emt 0:00:05]} Kh6 {[%emt 0:00:00]} 39. Qd6 {[%emt 0:00:03]} Bg5 {[%emt 0:00:01]} 40. Qf8# {[%emt 0:00:04] (Lag: Av=0.79s, max=1.2s)} 1-0

[Event "Is Bankasi Online Satranc Turn.13-14 Yas"]
[Site "T#645826Mustafa Kemal"]
[Date "2020.05.08"]
[Round "4"]
[White "Hasanatis76"]
[Black "Civangurbuz34"]
[Result "1-0"]
[WhiteElo "1756"]
[BlackElo "1711"]
[Annotator "NA RC"]
[PlyCount "131"]
[EventDate "2020.05.08"]
[EventType "swiss (blitz)"]

1. d4 {[%emt 0:00:04]} e6 {[%emt 0:00:02]} 2. Nf3 {[%emt 0:00:06]} c5 {[%emt 0:00:01]} 3. Bg5 {[%emt 0:00:01]} f6 {[%emt 0:00:04]} 4. Bh4 {[%emt 0:00:02]} g5 {[%emt 0:00:02]} 5. Bg3 {[%emt 0:00:03]} Qb6 {[%emt 0:00:07]} 6. b3 {[%emt 0:00:12]} Nc6 {[%emt 0:00:03]} 7. d5 {[%emt 0:00:15]} exd5 {[%emt 0:00:02]} 8. Qxd5 {[%emt 0:00:00]} Nce7 {[%emt 0:00:03]} 9. Qd6 {[%emt 0:00:41]} Qxd6 {[%emt 0:00:04]} 10. Bxd6 {[%emt 0:00:00]} Nd5 {[%emt 0:00:10]} 11. Bxf8 {[%emt 0:00:00]} Kxf8 {[%emt 0:00:01]} 12. e3 {[%emt 0:00:01]} Nh6 {[%emt 0:00:10]} 13. a3 {[%emt 0:00:02]} a6 {[%emt 0:00:08]} 14. c4 {[%emt 0:00:01]} Ne7 {[%emt 0:00:07]} 15. Nc3 {[%emt 0:00:04]} d6 {[%emt 0:00:05]} 16. Rd1 {[%emt 0:00:10]} Nef5 {[%emt 0:00:15]} 17. Bd3 {[%emt 0:00:05]} Be6 {[%emt 0:00:16]} 18. Be4 {[%emt 0:00:09]} Rb8 {[%emt 0:00:05]} 19. h3 {[%emt 0:00:01]} g4 {[%emt 0:00:06]} 20. hxg4 {[%emt 0:00:03]} Nxg4 {[%emt 0:00:01]} 21. Bxf5 {[%emt 0:00:08]} Bxf5 {[%emt 0:00:02]} 22. Rxd6 {[%emt 0:00:02]} Kg7 {[%emt 0:00:08]} 23. Ke2 {[%emt 0:00:34]} Rhd8 {[%emt 0:00:02]} 24. Rhd1 {[%emt 0:00:04]} Rxd6 {[%emt 0:00:04]} 25. Rxd6 {[%emt 0:00:00]} h5 {[%emt 0:00:14]} 26. Nh4 {[%emt 0:00:20]} Bc2 {[%emt 0:00:13]} 27. b4 {[%emt 0:00:02]} cxb4 {[%emt 0:00:03]} 28. axb4 {[%emt 0:00:00]} b6 {[%emt 0:00:05]} 29. Nd5 {[%emt 0:00:05]} b5 {[%emt 0:00:10]} 30. c5 {[%emt 0:00:05]} Ra8 {[%emt 0:00:15]} 31. f3 {[%emt 0:00:03]} Ne5 {[%emt 0:00:17]} 32. Rxf6 {[%emt 0:00:18]} Rd8 {[%emt 0:00:02]} 33. Rd6 {[%emt 0:00:03]} Rxd6 {[%emt 0:00:03]} 34. cxd6 {[%emt 0:00:00]} Kf8 {[%emt 0:00:03]} 35. Nc7 {[%emt 0:00:01]} Kf7 {[%emt 0:00:05]} 36. Nxa6 {[%emt 0:00:02]} Ke6 {[%emt 0:00:01]} 37. Nc7+ {[%emt 0:00:02]} Kxd6 {[%emt 0:00:02]} 38. Nxb5+ {[%emt 0:00:00]} Kc6 {[%emt 0:00:03]} 39. Nd4+ {[%emt 0:00:01]} Kd5 {[%emt 0:00:04]} 40. b5 {[%emt 0:00:02]} Kc5 {[%emt 0:00:02]} 41. Kd2 {[%emt 0:00:07]} Ba4 {[%emt 0:00:02]} 42. Nhf5 {[%emt 0:00:03]} Bxb5 {[%emt 0:00:03]} 43. Nxb5 {[%emt 0:00:00]} Kxb5 {[%emt 0:00:01]} 44. Nd6+ {[%emt 0:00:03]} Kc6 {[%emt 0:00:01]} 45. Ne4 {[%emt 0:00:00]} h4 {[%emt 0:00:05]} 46. Kc3 {[%emt 0:00:03]} Kd5 {[%emt 0:00:02]} 47. Nf2 {[%emt 0:00:10]} Nxf3 {[%emt 0:00:01]} 48. gxf3 {[%emt 0:00:02]} Ke5 {[%emt 0:00:01]} 49. Kd3 {[%emt 0:00:01]} Kf5 {[%emt 0:00:01]} 50. Kd4 {[%emt 0:00:01]} Kg5 {[%emt 0:00:01]} 51. Ke5 {[%emt 0:00:01]} h3 {[%emt 0:00:02]} 52. f4+ {[%emt 0:00:00]} Kh4 {[%emt 0:00:05]} 53. Nxh3 {[%emt 0:00:00]} Kxh3 {[%emt 0:00:02]} 54. f5 {[%emt 0:00:00]} Kg3 {[%emt 0:00:01]} 55. f6 {[%emt 0:00:00]} Kf3 {[%emt 0:00:01]} 56. f7 {[%emt 0:00:00]} Kxe3 {[%emt 0:00:01]} 57. f8=Q {[%emt 0:00:00]} Kd3 {[%emt 0:00:01]} 58. Qf4 {[%emt 0:00:02]} Kc3 {[%emt 0:00:02]} 59. Qa4 {[%emt 0:00:03]} Kd3 {[%emt 0:00:01]} 60. Qd4+ {[%emt 0:00:01]} Ke2 {[%emt 0:00:02]} 61. Qc3 {[%emt 0:00:02]} Kf2 {[%emt 0:00:02]} 62. Kf4 {[%emt 0:00:01]} Kg2 {[%emt 0:00:01]} 63. Qg3+ {[%emt 0:00:01]} Kf1 {[%emt 0:00:02]} 64. Qh2 {[%emt 0:00:02]} Ke1 {[%emt 0:00:01]} 65. Ke3 {[%emt 0:00:00]} Kd1 {[%emt 0:00:02]} 66. Qd2# {[%emt 0:00:01] (Lag: Av=0.96s, max=5.2s)} 1-0